000 02335 a2200253 4500
001 47232
005 20260407155740.0
008 260407a2018 arg spa d
003 AR-UNSa-BCEJYS
040 _aAR-UNSa-BCEJYS
_bspa
_cAR-UNSa-BCEJYS
080 _a336.02
_xPolítica financiera. Política fiscal
245 1 0 _aEstudios sobre financierización en América Latina
020 _a978-92-1-121981-4
264 1 _aSantiago de Chile :
_bCEPAL (Comisión Económica para América Latina y el Caribe)
_c2018
300 _a355 p.
_c22 cm.
505 _a1. Financierización en América Latina: implicancias de la integración financiera subordinada / Annina Kaltenbrunner; Juan Pablo Painceira - 2. ¿Existe un régimen de acumulación financierizado en América Latina? Un Análisis desde la escuela de la regulación / Egidio Luis Miotti - 3. Efectos de la financierización en el cambio tecnológico en América Latina / Pablo Ignacio Chena; María Emilia Buccella; Carolina Bosnic - 4. Impacto de la política de flexibilización cuantitativa en la liquidez mundial y la estabilidad financiera / Esteban Pérez Caldentey - 5. Las finanzas, el comercio y la distribución del ingreso en las cadenas globales de valor: implicancias para las economías en desarrollo y América Latina / Carlos Aguiar de Medeiros; Nicholas Trebat - 6. Patrones financieros y de inversión en América Latina desde la perspectiva del comportamiento empresarial / Edgardo Torija Zane; Ricardo Gottschalk - 7. El papel de la financierización en la dinámica de los precios de los productos básicos / Jorge Carrera - 8. La inversión extranjera directa en América Latina: algunas implicancias macrofinancieras / Martín Abeles; Facundo Grimberg; Sebastián Valdecantos - 9. Flujos de capital y endeudamiento externo: algunas reflexiones para América Latina / Pablo G. Bortz - 10. Regulación de la cuenta de capital en una mundo financieramente complejo: la experiencia reciente en América Latina / Diego Bastourre; Nicolás Hernán Zeolla.
041 _aspa
942 _cBK
590 _aniveau_biblio:m niveau_hierar:0
100 1 _aPérez Caldentey, Esteban
700 1 _aAbeles, Martín
700 1 _aValdecantos, Sebastián
856 4 1 _uhttps://www.biblioeco.unsa.edu.ar/pmb/images/libros/L127440.jpg
_yImagen de portada
_qimage/jpeg
999 _c4323
_d4323